[Event "Serbia Central Cup"]
[Site "Kragujevac"]
[Date "2018.05.02"]
[Round "6"]
[White "Batanjac, Aleksandar"]
[Black "Knezevic, Milija"]
[Result "1-0"]
[WhiteElo "2061"]
[BlackElo "1704"]
[PlyCount "75"]
[EventDate "2018.04.29"]
[EventType "swiss"]
[EventRounds "6"]
[EventCountry "SRB"]
[SourceTitle "CBM 184 Extra"]
[Source "ChessBase"]
[SourceDate "2018.06.28"]
[SourceVersion "1"]
[SourceVersionDate "2018.06.28"]
[SourceQuality "1"]

1. e4 e5 2. Nf3 Nc6 3. Bc4 Bc5 4. c3 h6 5. d4 exd4 6. cxd4 Bb6 7. d5 Nce7 8. e5 Ng6 9. 0-0 N8e7 10. d6 Nc6 11. Qd3 Nh4 12. Nbd2 Na5 13. Bd5 0-0 14. g3 Nxf3+ 15. Nxf3 Nc6 16. Qf5 cxd6 17. exd6 Nd4 18. Nxd4 Bxd4 19. Be4 g6 20. Qd5 Bg7 21. Bxg6 Qf6 22. Bc2 Qe6 23. Qd3 Qg6 24. Qd2 Qh5 25. a4 b6 26. Be4 Rb8 27. a5 b5 28. Ra3 Ba6 29. b4 Rfe8 30. Re3 Re6 31. Bf3 Qg6 32. Rxe6 Qxe6 33. Re1 Qf5 34. Be4 Qg4 35. Bb2 Rc8 36. Bxg7 Kxg7 37. Qd4+ Kg8 38. Bh7+ 1-0

[Event "Serbia Central Cup"]
[Site "Kragujevac"]
[Date "2018.05.01"]
[Round "4"]
[White "Djordjevic, Dejan N"]
[Black "Batanjac, Aleksandar"]
[Result "1/2-1/2"]
[WhiteElo "2173"]
[BlackElo "2061"]
[PlyCount "65"]
[EventDate "2018.04.29"]
[EventType "swiss"]
[EventRounds "6"]
[EventCountry "SRB"]
[SourceTitle "CBM 184 Extra"]
[Source "ChessBase"]
[SourceDate "2018.06.28"]
[SourceVersion "1"]
[SourceVersionDate "2018.06.28"]
[SourceQuality "1"]

1. e4 d5 2. exd5 Qxd5 3. Nc3 Qd8 4. Nf3 Bg4 5. Be2 Nf6 6. Ne5 Bxe2 7. Qxe2 c6 8. d3 e6 9. 0-0 Nbd7 10. Bf4 Be7 11. Rfe1 0-0 12. a3 Nd5 13. Nxd5 cxd5 14. c4 Bf6 15. Rac1 Nxe5 16. Bxe5 Bxe5 17. Qxe5 dxc4 18. dxc4 Rc8 19. Rc3 Qd2 20. Qe2 Rfd8 21. g3 Kf8 22. Kf1 Ke7 23. Rec1 Rd4 24. R1c2 Qh6 25. Kg2 Rcd8 26. c5 Qg5 27. c6 Qd5+ 28. Qf3 bxc6 29. Rxc6 Qxf3+ 30. Kxf3 a5 31. Rc7+ R8d7 32. Ke3 R4d5 33. Rxd7+ 1/2-1/2

[Event "Serbia Central Cup"]
[Site "Kragujevac"]
[Date "2018.04.30"]
[Round "3"]
[White "Colic, Ninoslav"]
[Black "Batanjac, Aleksandar"]
[Result "0-1"]
[WhiteElo "2075"]
[BlackElo "2061"]
[PlyCount "110"]
[EventDate "2018.04.29"]
[EventType "swiss"]
[EventRounds "6"]
[EventCountry "SRB"]
[SourceTitle "CBM 184 Extra"]
[Source "ChessBase"]
[SourceDate "2018.06.28"]
[SourceVersion "1"]
[SourceVersionDate "2018.06.28"]
[SourceQuality "1"]

1. Nf3 e6 2. d4 c5 3. c3 Nc6 4. g3 Qb6 5. Bg2 d5 6. 0-0 Nf6 7. dxc5 Bxc5 8. b4 Be7 9. a4 a6 10. Be3 Qc7 11. a5 0-0 12. Nbd2 e5 13. Bb6 Qd7 14. Nb3 Bd6 15. Nc5 Qe7 16. Nd2 Bc7 17. Bxc7 Qxc7 18. Na4 Bg4 19. h3 Be6 20. Nc5 Rfe8 21. Nxe6 Rxe6 22. Qb3 Rd8 23. Rfc1 g5 24. Qb1 e4 25. e3 Qe5 26. Nb3 Nd7 27. Nd4 Rg6 28. Qb2 f5 29. Ne2 h5 30. Qd2 Rd6 31. Rf1 Qg7 32. Nd4 Qf7 33. f3 Nde5 34. fxe4 dxe4 35. Bxe4 Rf6 36. Bg2 Qd7 37. Qa2+ Kh7 38. Rad1 Ne7 39. Qc2 Qc8 40. Nf3 Nxf3+ 41. Bxf3 Rxd1 42. Rxd1 Qc7 43. g4 Qe5 44. Qd3 hxg4 45. hxg4 Qg3+ 46. Bg2 Qxg4 47. Qd4 f4 48. Qe4+ Kh6 49. Rf1 Re6 50. Qf3 Qxf3 51. Rxf3 fxe3 52. Kf1 g4 53. Rf8 Ng6 54. Rf7 e2+ 55. Ke1 Ne5 0-1

[Event "SRB-chT3 South"]
[Site "Serbia"]
[Date "2017.10.12"]
[Round "6.2"]
[White "Djokovic, Nenad"]
[Black "Batanjac, Aleksandar"]
[Result "1/2-1/2"]
[WhiteElo "1985"]
[BlackElo "2072"]
[PlyCount "133"]
[EventDate "2017.09.03"]
[EventType "team-tourn"]
[EventRounds "11"]
[EventCountry "SRB"]
[SourceTitle "EXT 2022"]
[Source "ChessBase"]
[SourceDate "2021.10.06"]
[SourceVersion "1"]
[SourceVersionDate "2021.10.06"]
[SourceQuality "1"]

1. d4 e6 2. c4 Bb4+ 3. Nc3 Nf6 4. Nf3 c5 5. a3 Bxc3+ 6. bxc3 Qa5 7. Bd2 Ne4 8. Qc2 f5 9. e3 Nc6 10. d5 Ne7 11. dxe6 dxe6 12. Bd3 Nxd2 13. Qxd2 Bd7 14. Ne5 Bc6 15. f4 Rd8 16. Nxc6 Nxc6 17. Qc2 0-0 18. 0-0 g6 19. e4 Rd7 20. e5 g5 21. g3 gxf4 22. gxf4 Rg7+ 23. Kh1 Ne7 24. Be2 Ng6 25. Bh5 Rd8 26. Bxg6 Rxg6 27. Rad1 Qc7 28. Rxd8+ Qxd8 29. Qd1 Qb6 30. Qd7 h6 31. Rd1 Rg7 32. Qe8+ Kh7 33. Qb5 Qc7 34. Rd6 Qe7 35. Qxc5 b6 36. Qc6 Qh4 37. Rd1 Qxf4 38. Re1 Qg4 39. a4 h5 40. Rf1 h4 41. Qf3 Qxf3+ 42. Rxf3 Rg4 43. Rd3 Re4 44. Rd7+ Kg6 45. Rxa7 Rxc4 46. Re7 Rc6 47. Kg2 f4 48. Kf3 Kf5 49. Rf7+ Kxe5 50. Rxf4 Rxc3+ 51. Kg4 Rc2 52. Rb4 Rxh2 53. Rxb6 h3 54. Rb5+ Kd4 55. a5 Ra2 56. Kxh3 e5 57. Kg3 e4 58. Kf4 Rf2+ 59. Kg3 Rf3+ 60. Kg2 Ra3 61. Kf2 Ra2+ 62. Ke1 Ke3 63. Rb3+ Kf4 64. Rb5 Kf3 65. Rf5+ Ke3 66. Kd1 Ra1+ 67. Kc2 1/2-1/2

[Event "SRB-chT Cup"]
[Site "Kragujevac"]
[Date "2016.04.23"]
[Round "5.2"]
[White "Dezelin, Milan"]
[Black "Batanjac, Aleksandar"]
[Result "1-0"]
[WhiteElo "2262"]
[BlackElo "2163"]
[PlyCount "47"]
[EventDate "2016.04.20"]
[EventType "team-swiss"]
[EventRounds "7"]
[EventCountry "SRB"]
[SourceTitle "CBM 172 Extra"]
[Source "ChessBase"]
[SourceDate "2016.06.21"]
[SourceVersion "1"]
[SourceVersionDate "2016.06.21"]
[SourceQuality "1"]
[WhiteTeam "Paracin"]
[BlackTeam "Svrljig Zeleni Vrh"]
[WhiteTeamCountry "SRB"]
[BlackTeamCountry "SRB"]

1. d4 e6 2. c4 b6 3. Nc3 Bb4 4. Qb3 Nc6 5. Nf3 d5 6. e3 Nge7 7. Bd2 0-0 8. Rc1 Bb7 9. cxd5 exd5 10. Bd3 Qd6 11. 0-0 a5 12. Nb5 Qd7 13. Bxb4 axb4 14. Ne5 Nxe5 15. Rxc7 Nf3+ 16. gxf3 Qh3 17. Rxb7 Qxf3 18. Qd1 Qf6 19. Qh5 g6 20. Qe5 Qh4 21. Rxe7 Rxa2 22. Nc7 Rxb2 23. Nxd5 Qg4+ 24. Qg3 1-0

[Event "SRB-chT2 East"]
[Site "Pozarevac"]
[Date "2009.10.11"]
[Round "11.5"]
[White "Kalcic, Krsta"]
[Black "Batanjac, Aleksandar"]
[Result "1/2-1/2"]
[WhiteElo "2196"]
[BlackElo "2147"]
[PlyCount "21"]
[EventDate "2009.09.06"]
[EventType "team"]
[EventRounds "11"]
[EventCountry "SRB"]
[SourceTitle "EXT 2012"]
[Source "ChessBase"]
[SourceDate "2011.11.24"]
[SourceVersion "1"]
[SourceVersionDate "2011.11.24"]
[SourceQuality "1"]

1. e4 c5 2. Nf3 g6 3. d4 Bg7 4. Nc3 cxd4 5. Nxd4 Nc6 6. Be3 Qa5 7. Qd2 Nf6 8. f3 a6 9. Bc4 b5 10. Bb3 0-0 11. 0-0-0 1/2-1/2

[Event "SRB-chT2 East"]
[Site "Pozarevac"]
[Date "2009.10.04"]
[Round "5.3"]
[White "Mitrovic, Darko R"]
[Black "Batanjac, Aleksandar"]
[Result "1/2-1/2"]
[WhiteElo "2343"]
[BlackElo "2147"]
[PlyCount "117"]
[EventDate "2009.09.06"]
[EventType "team"]
[EventRounds "11"]
[EventCountry "SRB"]
[SourceTitle "EXT 2012"]
[Source "ChessBase"]
[SourceDate "2011.11.24"]
[SourceVersion "1"]
[SourceVersionDate "2011.11.24"]
[SourceQuality "1"]

1. e4 c5 2. Nf3 g6 3. d4 Bg7 4. c4 cxd4 5. Nxd4 Nc6 6. Be3 Qa5+ 7. Nc3 Nf6 8. Nb3 Qc7 9. f3 Na5 10. Rc1 Nxb3 11. Qxb3 0-0 12. Be2 d6 13. 0-0 b6 14. Nd5 Qd7 15. Rfd1 Ba6 16. Nb4 Qc8 17. Bf1 Bb7 18. Nd5 Re8 19. Qa3 Nd7 20. b4 Qb8 21. Qb3 Bc6 22. Bd4 a5 23. Bxg7 Kxg7 24. Qb2+ f6 25. a3 axb4 26. axb4 Qb7 27. Nf4 Nf8 28. h4 Ra7 29. Ra1 Rea8 30. Bd3 Rxa1 31. Rxa1 Ra7 32. Nd5 Qa8 33. Re1 Qd8 34. Ra1 Qa8 35. Re1 Qd8 36. f4 e6 37. Nc3 e5 38. f5 gxf5 39. exf5 d5 40. cxd5 Bxd5 41. Rd1 Rd7 42. Bf1 Bc6 43. Rxd7+ Qxd7 44. Qf2 Qd4 45. Qxd4 exd4 46. Nb5 Bxb5 47. Bxb5 Kf7 48. Kf2 Ke7 49. Kf3 Kd6 50. Ke4 d3 51. Bxd3 Nd7 52. g4 h6 53. Be2 Ne5 54. b5 Nd7 55. Kf4 Ke7 56. g5 fxg5+ 57. hxg5 hxg5+ 58. Kxg5 Nf6 59. Kg6 1/2-1/2

[Event "SRB-chT2 East"]
[Site "Pozarevac"]
[Date "2009.09.06"]
[Round "1.2"]
[White "Kajganovic, Miodrag"]
[Black "Batanjac, Aleksandar"]
[Result "1-0"]
[WhiteElo "2283"]
[BlackElo "2147"]
[PlyCount "63"]
[EventDate "2009.09.06"]
[EventType "team"]
[EventRounds "11"]
[EventCountry "SRB"]
[SourceTitle "EXT 2012"]
[Source "ChessBase"]
[SourceDate "2011.11.24"]
[SourceVersion "1"]
[SourceVersionDate "2011.11.24"]
[SourceQuality "1"]

1. Nf3 b6 2. g3 Bb7 3. Bg2 g5 4. d3 h6 5. e4 Bg7 6. Nc3 e6 7. Qe2 Ne7 8. Bd2 d5 9. h4 g4 10. Nh2 d4 11. Nd1 f5 12. f3 Qd6 13. Nf1 fxe4 14. fxg4 exd3 15. cxd3 Nbc6 16. Nf2 Nd5 17. Ne4 Qe7 18. 0-0-0 0-0-0 19. Kb1 Ne5 20. g5 Ba6 21. Bf4 hxg5 22. Bxe5 Bxe5 23. Nxg5 Nb4 24. a3 Nxd3 25. Rxd3 Bf6 26. Nh3 c5 27. Qe4 Bxd3+ 28. Qxd3 Bxh4 29. gxh4 Rxh4 30. Nd2 Rf8 31. Re1 Rg4 32. Bf3 1-0

[Event "SRB-chT2 East"]
[Site "Golubac"]
[Date "2008.10.17"]
[Round "8.2"]
[White "Batanjac, Aleksandar"]
[Black "Stevic, Zarko"]
[Result "1/2-1/2"]
[WhiteElo "2177"]
[BlackElo "2290"]
[PlyCount "62"]
[EventDate "2008.09.14"]
[EventType "team"]
[EventRounds "11"]
[EventCountry "SRB"]
[SourceTitle "EXT 2012"]
[Source "ChessBase"]
[SourceDate "2011.11.24"]
[SourceVersion "1"]
[SourceVersionDate "2011.11.24"]
[SourceQuality "1"]

1. e4 c5 2. Nf3 e6 3. Nc3 Nc6 4. d4 cxd4 5. Nxd4 Qc7 6. Be3 a6 7. Bd3 Nf6 8. 0-0 Be7 9. f4 d6 10. h3 0-0 11. a3 Bd7 12. Nf3 Rac8 13. Ne2 e5 14. c4 exf4 15. Nxf4 Ne5 16. Nxe5 dxe5 17. Nd5 Nxd5 18. cxd5 Bc5 19. Qd2 Bxe3+ 20. Qxe3 Qc5 21. Qxc5 Rxc5 22. Rac1 Rfc8 23. Rxc5 Rxc5 24. Kf2 Kf8 25. Ke3 f6 26. Kd2 Ke7 27. g4 g6 28. b4 Rc8 29. Rb1 Kd6 30. Rf1 Ke7 31. Rb1 Kd6 1/2-1/2

[Event "SRB-chT2 East"]
[Site "Serbia"]
[Date "2007.10.18"]
[Round "7.4"]
[White "Pavlovic, Dejan S"]
[Black "Batanjac, Aleksandar"]
[Result "1/2-1/2"]
[WhiteElo "2289"]
[BlackElo "2147"]
[PlyCount "23"]
[EventDate "2007.09.09"]
[EventType "team"]
[EventRounds "11"]
[EventCountry "SRB"]
[SourceTitle "EXT 2012"]
[Source "ChessBase"]
[SourceDate "2011.11.24"]
[SourceVersion "1"]
[SourceVersionDate "2011.11.24"]
[SourceQuality "1"]
[WhiteTeam "Bor"]
[BlackTeam "Zeleni Svrljig"]
[WhiteTeamCountry "SRB"]
[BlackTeamCountry "SRB"]

1. c4 e6 2. g3 f5 3. Bg2 Nf6 4. Nc3 Be7 5. e3 0-0 6. Nge2 c6 7. d4 d5 8. b3 Na6 9. 0-0 Nc7 10. a3 Bd7 11. Nf4 g5 12. Nd3 1/2-1/2

[Event "SCG-chT1 Central"]
[Site "Vrnjacka Banja"]
[Date "2004.09.26"]
[Round "3.4"]
[White "Batanjac, Aleksandar"]
[Black "Vratonjic, Slobodan"]
[Result "0-1"]
[WhiteElo "2229"]
[BlackElo "2446"]
[PlyCount "77"]
[EventDate "2004.09.25"]
[EventType "team"]
[EventRounds "11"]
[EventCountry "YUG"]
[SourceTitle "CBM 102 Extra"]
[Source "ChessBase"]
[SourceDate "2004.11.03"]
[SourceVersion "1"]
[SourceVersionDate "2004.11.03"]
[SourceQuality "1"]
[WhiteTeam "09"]
[BlackTeam "04"]
[WhiteTeamCountry "YUG"]
[BlackTeamCountry "YUG"]

1. e4 c5 2. Nf3 e6 3. Nc3 a6 4. d4 cxd4 5. Nxd4 Qc7 6. g3 Nc6 7. Bg2 Nf6 8. 0-0 d6 9. a4 Be7 10. Nxc6 bxc6 11. a5 Bb7 12. Re1 0-0 13. Be3 Nd7 14. f4 c5 15. Na4 Bc6 16. c4 Rab8 17. Re2 Rb4 18. Bd2 Bxa4 19. Rxa4 Rxb2 20. Bc3 Rxe2 21. Qxe2 Bf6 22. Bxf6 Nxf6 23. Ra2 Rb8 24. h3 h5 25. e5 dxe5 26. fxe5 Nd7 27. Qxh5 Qxe5 28. Qf3 Qd4+ 29. Rf2 Ne5 30. Qe4 Nxc4 31. Qxd4 cxd4 32. Bf1 Rb1 33. Kh2 Nxa5 34. Bxa6 g6 35. Rc2 Rb6 36. Bd3 Rc6 37. Ra2 Nb3 38. Ra8+ Kg7 39. Rd8 0-1